Новые данные по геологии рудных месторождений Сибири

Bibliografske podrobnosti
Korporativna značnica: Сибирский научно-исследовательский институт геологии, геофизики и минерального сырья (СНИИГГиМС)
Drugi avtorji: Кассандров Э. Г. (редактор), Туркин И. С.
Izvleček:Сборник включает материалы геолого -методического характера по геологии геохимии, структуре, составу и закономерностям размещения, а также перспективам меторождений железа, золота, вольфрама, молибдена и ртути. Он рассчитан на геологов-рудников и геохимиков.
Jezik:ruščina
Izdano: Новосибирск, Изд-во СНИИГГиМС, 1974
Serija:Труды Сибирского научно-исследовательского института геологии, геофизики и минерального сырья (СНИИГГиМС) Вып. 198
Teme:
Format: Knjiga
KOHA link:https://koha.lib.tpu.ru/cgi-bin/koha/opac-detail.pl?biblionumber=353593

MARC

LEADER 00000nam0a2200000 4500
001 353593
005 20231102010616.0
035 |a (RuTPU)RU\TPU\retro\10850 
035 |a RU\TPU\retro\10810 
090 |a 353593 
100 |a 20200521d1974 k y0rusy50 ca 
101 0 |a rus 
102 |a RU 
105 |a a z 001zb 
200 1 |a Новые данные по геологии рудных месторождений Сибири  |f Сибирский научно-исследовательский институт геологии, геофизики и минерального сырья (СНИИГГиМС) ; под ред. Э. Г. Кассандрова , И. С. Туркина 
210 |a Новосибирск  |c Изд-во СНИИГГиМС  |d 1974 
215 |a 103 с.  |c ил. 
225 1 |a Труды Сибирского научно-исследовательского института геологии, геофизики и минерального сырья (СНИИГГиМС)  |v Вып. 198 
316 |5 63413507: КР-7501  |a На титульном листе владельческая подпись: «Л. Рихванов г. Томск апрель, 1976» 
317 |5 63413507: КР-7501  |a Поступил в НТБ в 2021 г. в дар от семьи профессора ТПУ Л. П. Рихванова 
320 |a Библиогр. в конце ст. 
330 |a Сборник включает материалы геолого -методического характера по геологии геохимии, структуре, составу и закономерностям размещения, а также перспективам меторождений железа, золота, вольфрама, молибдена и ртути. Он рассчитан на геологов-рудников и геохимиков. 
600 1 |a Амшинский  |b Н. Н.  |c российский геолог  |c геология Сибири  |f 1914-  |g Николай Николаевич  |2 stltpush  |3 (RuTPU)RU\TPU\pers\22637  |9 9679 
606 1 |a Рудные месторождения  |y Сибирь и Дальний Восток  |2 stltpush  |3 (RuTPU)RU\TPU\subj\72160  |9 85736 
610 1 |a железные руды 
610 1 |a Алтай 
610 1 |a геолого-геофизические работы 
610 1 |a магнетитовые месторождения 
610 1 |a железорудные месторождения 
610 1 |a бокситы 
610 1 |a вольфрамовое оруденение 
610 1 |a ртутное оруденение 
610 1 |a поисковые работы 
610 1 |a эффективность 
610 1 |a Библиотека Л. П. Рихванова 
610 1 |a дары библиотеке 
610 1 |a владельческие подписи 
675 |a 553.3/.4(571)  |v 3 
702 1 |a Кассандров  |b Э. Г.  |4 340 
702 1 |a Туркин  |b И. С.  |4 340 
712 0 2 |a Сибирский научно-исследовательский институт геологии, геофизики и минерального сырья (СНИИГГиМС)  |c (Новосибирск)  |2 stltpush  |3 (RuTPU)RU\TPU\col\322 
801 1 |a RU  |b 63413507  |c 20150310 
801 2 |a RU  |b 63413507  |c 20220614  |g RCR 
942 |c BK